000 01027cam a22003255a 4500
001 18602728
005 20161023144315.0
008 150504s2015 enk frbd 001 0 eng d
020 _a9781292084664 (print)
020 _a1292088540
020 _a9781292088549
020 _z9781292084718 (PDF)
040 _aDLC
_beng
_cDLC
_dEG-ScBUE
082 0 4 _a657
_bWOO
_222
100 1 _aWood, Frank,
_d1926-2000.
_940691
245 1 0 _aFrank Wood's business accounting 1 /
_cAlan Sangster.
246 3 _aFrank Wood's business accounting one
246 3 0 _aBusiness accounting 1
250 _a13th ed.
260 _aHarlow :
_bPearson Education Limited,
_c2015.
300 _axxiv, 804 p. :
_bill. ;
_c28 cm.
500 _aIncludes glossary.
500 _aIncludes student access code inside : My accounting lab.
504 _aIncludes bibliographical references and index.
650 7 _aAccounting.
_2BUEsh
_99036
651 _2BUEsh
653 _bBUSADM
_cOctober2016
700 1 _aSangster, Alan.
_940690
942 _2ddc
999 _c22785
_d22757